Responses for Show #7258 - Wednesday, March 16, 2016

Contestants

[<< previous game]

Elena Gray-Blanc, an editor originally from Santa Barbara, California

Geoff Mitelman, a rabbi from Westchester County, New York

Philip Tiu, an educator from Atlanta, Georgia (whose 2-day cash winnings total $71,098)

[next game >>]

Jeopardy! Round responses

19th CENTURY NOVELS BY QUOTE
BEHAVIOR & PSYCHOLOGY
I HAVE A PREPOSITION FOR YOU
THE NATIONAL ROAD
GET
A GRIP ON IT
    $200 15
Dracula

Philip
    $200 9
(Elena: What are up and down?)
(Alex: No.)
(Elena: What are--)
(Alex: No. You don't get two shots at it.)
(Elena: Sorry.)

across & down

GeoffElena
    $1,800 6
(Philip: What is Animal Farm?)

War and Peace

Philip
    $400 2
compulsive

Philip
    $400 18
behind

Geoff
    $400 20
a flip phone

Geoff
    $400 10
The Godfather

Geoff
    $600 4
The Scarlet Letter

Geoff
    $600 12
somnambulism

Geoff
    $600 19
versus

Geoff
    $600 5
Indiana

Philip
    $600 17
Alfredo sauce

Elena
    $600 25
[The end-of-round signal sounds.]

Mad Men

Geoff
    $800 3
Heidi

Philip
    $800 13
autonomy

Geoff
    $800 8
beyond

Elena
    $800 11
West Virginia

Geoff
    $800 21
Converse

Philip
    $800 24
(Alex: Yes, September 1939.)

Gone with the Wind

Philip
    $1000 1
Bleak House

Geoff
    $1000 14
needs

Elena
    $1000 7
along

Triple Stumper
    $1000 23
Macadam

Philip
    $1000 22
(Elena: Uh, what is Ducati?)
...
(Alex: We have less than a minute now, Philip.)

Fiat

Elena
Triple Stumper
    $1000 16
Saving Private Ryan

Geoff

Scores at the first commercial break (after clue 14):

Philip Geoff Elena
$0 $4,400 $1,600

Scores at the end of the Jeopardy! Round:

Philip Geoff Elena
$2,800 $7,400 $1,200

Double Jeopardy! Round responses

THIS IS MY PEOPLE
WORLD CITIES
TULIP MANIA
MUSICIANS' AUTOBIOGRAPHIES
9-LETTER WORDS
THE WRIGHT BROTHERS
(Jimmy: How they made the dream of powered flight a reality barely 100 years ago.)
    $400 15
the Inuit

Elena
    $400 16
Prague

Philip
    $400 25
[The end-of-round signal sounds.]

red

Geoff
    $400 1
tarpaulin

Philip
    $400 19
Kitty Hawk

Philip
    $800 11
the Navajo

Geoff
    $800 17
(Geoff: What is Delhi?)

Mumbai

PhilipGeoff
    $800 3
Parkinson's

Geoff
    $800 2
embellish

Geoff
    $800 22
(Alex: We have about a minute now.)

drag

Philip
    $1200 12
the Sioux

Philip
    $1200 10
(Philip: What is Havana?)

Seville

Philip
Triple Stumper
    $1200 4
turban

Philip
    $1200 7
treadmill

Philip
    $1200 23
torque

Philip
    $11,000 14
(Philip: $11,000.)
(Alex: You keep doing that! Scaring the daylights out of me. Here is your clue...)
...
(Alex: And it keeps working for you! Amazing.)

the Apache

Philip
    $1600 9
Lagos

Geoff
    $1600 20
poplar

Triple Stumper
    $1600 6
diphthong

Philip
    $1600 24
pitch

Elena
    $2000 13
(Alex: They were all [*].)

Mohawk

Triple Stumper
    $2000 8
Charlottetown

Philip
    $2000 18
(Elena: What is Pakistan?)
(Philip: What is Bangladesh?)

Afghanistan

PhilipGeoffElena
    $2000 21
(Geoff: Who is, uh, Justin Timberlake?)

Lance Bass

Geoff
Triple Stumper
    $2000 5
conundrum

Philip

Scores at the end of the Double Jeopardy! Round:

Philip Geoff Elena
$23,800 $11,000 $1,200
(lock game)

[wagering suggestions for these scores]

Final Jeopardy! Round responses

THE FRENCH REVOLUTION
(Alex: The work was called 120 Days of Sodom.)
ElenaWho was de Sade
$1,199
GeoffWho is Voltaire?
$0
PhilipWho was the Marquis de Sade?
$1,700
the Marquis de Sade

Final scores:

Philip Geoff Elena
$25,500 $11,000 $2,399
3-day champion: $96,598 2nd place: $2,000 3rd place: $1,000

Game dynamics:

Coryat scores:

Philip Geoff Elena
$16,200 $11,000 $1,200
20 R
(including 1 DD),
3 W
(including 1 DD)
18 R,
2 W
5 R,
3 W

Combined Coryat: $28,400

[game clues] [game scores] [suggest correction]

Game tape date: 2016-01-27
The J! Archive is created by fans, for fans. Scraping, republication, monetization, and malicious use prohibited; this site may use cookies and collect identifying information. See terms. The Jeopardy! game show and all elements thereof, including but not limited to copyright and trademark thereto, are the property of Jeopardy Productions, Inc. and are protected under law. This website is not affiliated with, sponsored by, or operated by Jeopardy Productions, Inc. Join the discussion at JBoard.tv.